Palais et pouvoir : de Constantinople à Versailles /
Análisis de palacios emblemáticos de la historia, concebidos como la manifestación espacial del poder, político en su expresión más obvia, pero también de otra naturaleza, como la económica, cultural, industrial, etc.
Guardado en:
| Otros autores: | , |
|---|---|
| Formato: | Libro |
| Idioma: | Francés |
| Publicado: |
Vincennes, Francia :
Presses Universitaires de Vincennes,
2003, c2003
|
| Colección: | (Temps and Espaces)
|
| Temas: | |
| Etiquetas: |
Sin etiquetas, Sé el primero en etiquetar este registro!
|
MARC
| LEADER | 00000nam^a2200000^a^4500 | ||
|---|---|---|---|
| 001 | 000182857 | ||
| 005 | 20250521000000.0 | ||
| 009 | 20260310102020.914 | ||
| 020 | |a 2-84292-131-3 | ||
| 037 | |a Acervo ITESO - Biblioteca | ||
| 041 | |a FRA | ||
| 082 | |a 728. 82 |b AUS | ||
| 100 | |a Auzépy, Marie-France |e (dir.) | ||
| 245 | 1 | 0 | |a Palais et pouvoir : |b de Constantinople à Versailles / |c Dir. de M.F. Auzépy, J. Cornette. |
| 264 | 4 | |a Vincennes, Francia : |b Presses Universitaires de Vincennes, |c 2003, c2003 | |
| 300 | |a 370 p. | ||
| 336 | |a texto |b txt |2 rdacontenido | ||
| 337 | |a sin mediación |b n |2 rdamedio | ||
| 338 | |a volumen |b nc |2 rdasoporte | ||
| 440 | 1 | |a (Temps and Espaces) | |
| 520 | |a Análisis de palacios emblemáticos de la historia, concebidos como la manifestación espacial del poder, político en su expresión más obvia, pero también de otra naturaleza, como la económica, cultural, industrial, etc. | ||
| 649 | |a XX | ||
| 650 | |a Poder Político | ||
| 650 | |a Poder (Ciencias Sociales) | ||
| 650 | |a Palacios - |x Historia | ||
| 650 | |a Palacios - |x Aspectos Sociales y Culturales | ||
| 650 | |a Espacios Sociales | ||
| 650 | |a Arquitectura y Sociedad | ||
| 650 | |a Arquitectura - |x Historia y Crítica | ||
| 650 | |a Arte y Política | ||
| 650 | |a Arte y Sociedad | ||
| 650 | |a Arte - |x Historia y Crítica | ||
| 650 | |a Historia Universal | ||
| 700 | |a Cornette, Joël |e (dirección) | ||
| 910 | |a Fondo General | ||
| 920 | |a Impresos - Libros | ||
| 930 | |a Reserva Especial | ||
| 905 | |a 103 | ||
| 901 | |a 0500122542 |b IT1 |c REE |u 20250521 | ||
| 902 | |a https://opac.biblio.iteso.mx/vufind/Record/000182857 | ||